| 000 | 00655nam a22002171c 4500 | ||
|---|---|---|---|
| 001 | a987689922 | ||
| 008 | 180709s2010 gw |||| 000u rus d | ||
| 020 |
_a9785824311884 _9978-5-8243-1188-4 |
||
| 041 | _arus | ||
| 100 | 1 | _aTkačev, Petr Nikitič | |
| 245 | 0 | 0 | _aIzbrannoe |
| 264 |
_aMoskva : _bROSSPEN, _c2010 |
||
| 300 | _a816 Seiten | ||
| 600 | 0 | _aTkačev, Petr Nikitič | |
| 700 | 1 |
_aIsakov, Vladimir Alekseevič _eHerausgeberIn |
|
| 710 | 2 | _aInstitut obščestvennoj mysli | |
| 942 | _cMG | ||
| 040 | _cRU-10907106 | ||
| 003 | RU-10907106 | ||
| 999 |
_c50166 _d50166 |
||
| 490 | 0 | _aBiblioteka otečestvennoj obščestvennoj mysli s drevnejšich vremen do načala XX veka | |